Loading...
Science - Physics | 3 | 5 | 0 | 1 | 95 | 46 | 82.88 | 5 | 6 |
Science - Chemistry | 0 | 8 | 0 | 0 | 80 | 61 | 91.88 | 0 | 4 |
Science - Biology | 3 | 3 | 1 | 0 | 70 | 29 | 68.83 | 2 | 4 |
Science - Other Science | 2 | 2 | 0 | 1 | 50 | 31 | 75.50 | 1 | 3 |
History - American History | 2 | 1 | 0 | 0 | 40 | 38 | 61.33 | 2 | 3 |
Social Science | 0 | 3 | 1 | 0 | 25 | 86 | 113.67 | 0 | 3 |
Fine Arts - Auditory Fine Arts | 0 | 2 | 0 | 1 | 20 | 81 | 119.00 | 0 | 1 |
Literature - American Literature | 1 | 0 | 0 | 0 | 15 | 51 | 51.00 | 1 | 1 |
Mythology | 0 | 1 | 0 | 0 | 10 | 124 | 124.00 | 0 | 0 |
Geography | 0 | 0 | 0 | 0 | 0 | 0.00 | 0 | 0 | |
Religion | 0 | 0 | 1 | 0 | -5 | 0.00 | 0 | 0 | |
History - European History | 0 | 0 | 1 | 0 | -5 | 0.00 | 0 | 0 |